[Event "Nezhmetdinov Memorial 43rd"]
[Site "Kazan"]
[Date "2021.05.29"]
[Round "1"]
[White "Rudnev, Yuri"]
[Black "Aleksandrov, Aleksej"]
[Result "0-1"]
[WhiteElo "2032"]
[BlackElo "2552"]
[PlyCount "50"]
[EventDate "2021.05.29"]
[EventType "swiss"]
[EventRounds "9"]
[EventCountry "RUS"]
[SourceTitle "CBM 203 Extra"]
[Source "ChessBase"]
[SourceDate "2021.09.30"]
[SourceVersion "1"]
[SourceVersionDate "2021.09.30"]
[SourceQuality "1"]

1. e4 e5 2. Nf3 Nc6 3. Bb5 a6 4. Ba4 Nf6 5. 0-0 b5 6. Bb3 Bc5 7. c3 d6 8. d4 Bb6 9. h3 Bb7 10. Re1 h6 11. a4 0-0 12. Na3 exd4 13. cxd4 Re8 14. axb5 axb5 15. d5 Ne5 16. Bf4 Ng6 17. Be3 Bxe3 18. Rxe3 b4 19. Nc2 Rxa1 20. Qxa1 Rxe4 21. Rxe4 Nxe4 22. Nxb4 Nc5 23. Bc2 Nf4 24. Qa2 Qa8 25. Qc4 Nxd5 0-1

[Event "Dimitrovgrad Petrosian Memorial op"]
[Site "Dimitrovgrad"]
[Date "2011.07.03"]
[Round "8"]
[White "Kurjaeva, Anastasiya"]
[Black "Rudnev, Yuri"]
[Result "0-1"]
[WhiteElo "1720"]
[BlackElo "2103"]
[PlyCount "70"]
[EventDate "2011.06.18"]
[EventType "swiss"]
[EventRounds "9"]
[EventCountry "RUS"]
[SourceTitle "EXT 2012"]
[Source "ChessBase"]
[SourceDate "2011.11.24"]
[SourceVersion "1"]
[SourceVersionDate "2011.11.24"]
[SourceQuality "1"]

1. e4 c5 2. Nf3 Nc6 3. d4 cxd4 4. Nxd4 Nf6 5. Nc3 e5 6. Nf3 Bb4 7. Bd2 Bxc3 8. Bxc3 Nxe4 9. Bxe5 Nxe5 10. Qe2 f5 11. Nxe5 Qa5+ 12. c3 Qxe5 13. f3 0-0 14. fxe4 fxe4 15. Qe3 d5 16. 0-0-0 Be6 17. Kb1 a6 18. Be2 b5 19. Rd4 Qf4 20. Qxf4 Rxf4 21. Rf1 Rxf1+ 22. Bxf1 Rf8 23. Rd1 Rf2 24. Re1 Kf7 25. h3 Kf6 26. g4 Ke5 27. a4 Bd7 28. a5 Bc6 29. Kc1 d4 30. cxd4+ Kxd4 31. Be2 Rh2 32. Bf1 Kc5 33. Kb1 Kb4 34. Ka2 Bd5+ 35. Kb1 Kxa5 0-1

[Event "Uljanovsk op"]
[Site "Uljanovsk"]
[Date "2009.08.30"]
[Round "9"]
[White "Markin, Igor1111"]
[Black "Rudnev, Yuri"]
[Result "1/2-1/2"]
[WhiteElo "2186"]
[BlackElo "2161"]
[PlyCount "46"]
[EventDate "2009.08.26"]
[EventType "swiss"]
[EventRounds "9"]
[EventCountry "RUS"]
[SourceTitle "CBM 132 Extra"]
[Source "ChessBase"]
[SourceDate "2009.11.03"]
[SourceVersion "1"]
[SourceVersionDate "2009.11.03"]
[SourceQuality "1"]

1. Nf3 d5 2. b3 c5 3. e3 Nc6 4. Bb5 Bg4 5. 0-0 Nf6 6. h3 Bxf3 7. Bxc6+ bxc6 8. Qxf3 g6 9. Nc3 Bg7 10. Na4 Ne4 11. Rb1 0-0 12. c4 f5 13. Qe2 Qa5 14. d3 Nc3 15. Qe1 d4 16. Bd2 Rad8 17. Rc1 e5 18. e4 Rd6 19. Rc2 f4 20. f3 Rfd8 21. Bc1 Qb4 22. Bd2 Qa3 23. Bc1 Qb4 1/2-1/2

[Event "Uljanovsk op"]
[Site "Uljanovsk"]
[Date "2009.08.26"]
[Round "3"]
[White "Pirogov, Vyatchslav"]
[Black "Rudnev, Yuri"]
[Result "1-0"]
[WhiteElo "2382"]
[BlackElo "2161"]
[PlyCount "69"]
[EventDate "2009.08.26"]
[EventType "swiss"]
[EventRounds "9"]
[EventCountry "RUS"]
[SourceTitle "CBM 132 Extra"]
[Source "ChessBase"]
[SourceDate "2009.11.03"]
[SourceVersion "1"]
[SourceVersionDate "2009.11.03"]
[SourceQuality "1"]

1. Nh3 d5 2. g3 c6 3. Bg2 Nf6 4. d4 Bg4 5. 0-0 Nbd7 6. f3 Bxh3 7. Bxh3 e6 8. Nd2 Qb6 9. Nb3 c5 10. dxc5 Bxc5+ 11. Nxc5 Qxc5+ 12. Kh1 0-0 13. c3 b5 14. Qd3 a5 15. Be3 Qc4 16. Qd2 b4 17. Rfc1 Rfc8 18. Bf1 Qb5 19. Bd4 Qb7 20. b3 e5 21. Bf2 bxc3 22. Rxc3 Rxc3 23. Qxc3 d4 24. Qd2 Qb4 25. Qd3 Nc5 26. Qf5 Qc3 27. Rd1 Nfd7 28. f4 g6 29. Qb1 f6 30. Bg2 Re8 31. fxe5 fxe5 32. Be1 Qe3 33. Qc2 Rf8 34. Qc4+ Kg7 35. Bd2 1-0

[Event "Uljanovsk op"]
[Site "Uljanovsk"]
[Date "2009.08.26"]
[Round "1"]
[White "Rumyantsev, Nikolay"]
[Black "Rudnev, Yuri"]
[Result "0-1"]
[WhiteElo "1883"]
[BlackElo "2161"]
[PlyCount "80"]
[EventDate "2009.08.26"]
[EventType "swiss"]
[EventRounds "9"]
[EventCountry "RUS"]
[SourceTitle "CBM 132 Extra"]
[Source "ChessBase"]
[SourceDate "2009.11.03"]
[SourceVersion "1"]
[SourceVersionDate "2009.11.03"]
[SourceQuality "1"]

1. e4 c5 2. Nf3 d6 3. c3 Nf6 4. Qc2 g6 5. Be2 Bg7 6. 0-0 0-0 7. d3 Nc6 8. Nh4 e5 9. g3 Bh3 10. Ng2 d5 11. f3 Be6 12. Rf2 Rc8 13. Nd2 Qb6 14. exd5 Nxd5 15. Nc4 Qc7 16. Bd2 b5 17. Nce3 Nde7 18. b3 a5 19. Rc1 Qa7 20. Qd1 Rfd8 21. Qf1 a4 22. Rb1 axb3 23. axb3 Qa2 24. Qd1 c4 25. bxc4 bxc4 26. Ne1 cxd3 27. Bxd3 Qa7 28. Kg2 Rd7 29. Nf1 Rcd8 30. Qc2 f5 31. Be3 Qa8 32. Bb5 Nd5 33. Bg5 Rc8 34. Qc1 Rdc7 35. Qb2 e4 36. Qb3 Na5 37. Qa3 Nxc3 38. Qd6 Qd5 39. Qxd5 Bxd5 40. Ra1 Nb3 0-1

[Event "Dimitrovgrad-ch"]
[Site "Dimitrovgrad"]
[Date "2009.??.??"]
[Round "1"]
[White "Lebedev, Victor2222"]
[Black "Rudnev, Yuri"]
[Result "0-1"]
[WhiteElo "2035"]
[BlackElo "2160"]
[PlyCount "84"]
[EventDate "2009.08.??"]
[EventType "swiss"]
[EventRounds "9"]
[EventCountry "RUS"]
[SourceTitle "EXT 2012"]
[Source "ChessBase"]
[SourceDate "2011.11.24"]
[SourceVersion "1"]
[SourceVersionDate "2011.11.24"]
[SourceQuality "1"]

1. d4 d5 2. Bf4 Nf6 3. h3 e6 4. e3 c5 5. Nf3 Qb6 6. b3 Nc6 7. c3 Be7 8. dxc5 Qxc5 9. Bd3 0-0 10. 0-0 Re8 11. Qc2 h6 12. Nbd2 Bd7 13. Rac1 Rec8 14. Qb2 b5 15. Rfd1 Qb6 16. e4 Be8 17. exd5 Nxd5 18. Bg3 Qa5 19. a4 bxa4 20. Nc4 Qd8 21. Nce5 Nxe5 22. Bxe5 Qb6 23. b4 Nf6 24. Bb1 Bc6 25. Nd4 Bd5 26. Qc2 Ne4 27. Qxa4 Nxc3 28. Qc2 Be4 29. Qd2 Nxb1 30. Rxc8+ Rxc8 31. Qf4 Bg6 32. h4 Na3 33. Qg3 h5 34. Qxa3 Bxb4 35. Qa4 a5 36. Nf3 f6 37. Qd7 Qc6 38. Qa7 Qc5 39. Qd7 Qc6 40. Qxc6 Rxc6 41. Nd4 Rc8 42. Bg3 Rd8 0-1

[Event "Dimitrovgrad-ch"]
[Site "Dimitrovgrad"]
[Date "2009.??.??"]
[Round "4"]
[White "Rudnev, Yuri"]
[Black "Bondarenko, Anton"]
[Result "1-0"]
[WhiteElo "2160"]
[BlackElo "1615"]
[PlyCount "63"]
[EventDate "2009.08.??"]
[EventType "swiss"]
[EventRounds "9"]
[EventCountry "RUS"]
[SourceTitle "EXT 2012"]
[Source "ChessBase"]
[SourceDate "2011.11.24"]
[SourceVersion "1"]
[SourceVersionDate "2011.11.24"]
[SourceQuality "1"]

1. e4 e5 2. Nf3 Nc6 3. Bb5 a6 4. Ba4 Nf6 5. 0-0 Be7 6. Re1 b5 7. Bb3 0-0 8. c3 d5 9. exd5 Nxd5 10. Nxe5 Nxe5 11. Rxe5 c6 12. d4 Bd6 13. Re1 Qh4 14. g3 Qh3 15. Be3 Bg4 16. Qd3 f5 17. f4 g5 18. Qf1 Kh8 19. Bxd5 cxd5 20. Nd2 gxf4 21. Bxf4 Qxf1+ 22. Kxf1 Bxf4 23. gxf4 Rg8 24. Kf2 Rg6 25. Re3 Rag8 26. Rg1 h5 27. h3 h4 28. Nf1 Bd1 29. Rxg6 Rxg6 30. Re5 Bc2 31. Ne3 Be4 32. Nxf5 1-0

[Event "Dimitrovgrad-ch"]
[Site "Dimitrovgrad"]
[Date "2009.??.??"]
[Round "3"]
[White "Yakimkin, Igor"]
[Black "Rudnev, Yuri"]
[Result "1/2-1/2"]
[WhiteElo "2185"]
[BlackElo "2160"]
[PlyCount "40"]
[EventDate "2009.08.??"]
[EventType "swiss"]
[EventRounds "9"]
[EventCountry "RUS"]
[SourceTitle "EXT 2012"]
[Source "ChessBase"]
[SourceDate "2011.11.24"]
[SourceVersion "1"]
[SourceVersionDate "2011.11.24"]
[SourceQuality "1"]

1. e4 c5 2. Nf3 e6 3. g3 Nc6 4. Bg2 d6 5. 0-0 Nf6 6. Re1 Be7 7. c3 0-0 8. d4 d5 9. exd5 Nxd5 10. Ne5 cxd4 11. Nxc6 bxc6 12. Qxd4 Ba6 13. Qa4 Bb7 14. Nd2 c5 15. Qc2 Qc7 16. Nc4 Rad8 17. Ne5 Bf6 18. Ng4 Be7 19. Ne5 Bf6 20. Ng4 Be7 1/2-1/2

[Event "Uljanovsk Volga Region-ch"]
[Site "Uljanovsk"]
[Date "2008.12.10"]
[Round "8"]
[White "Rudnev, Yuri"]
[Black "Kudriashov, Anatoli"]
[Result "0-1"]
[WhiteElo "2183"]
[BlackElo "2318"]
[PlyCount "52"]
[EventDate "2008.12.05"]
[EventType "tourn"]
[EventRounds "11"]
[EventCountry "RUS"]
[SourceTitle "EXT 2022"]
[Source "ChessBase"]
[SourceDate "2021.10.06"]
[SourceVersion "1"]
[SourceVersionDate "2021.10.06"]
[SourceQuality "1"]

1. e4 c5 2. Nf3 Nc6 3. d4 cxd4 4. Nxd4 g6 5. Nc3 Bg7 6. Be3 Nf6 7. Bc4 0-0 8. Bb3 d6 9. f3 a5 10. Qd2 Nxd4 11. Bxd4 Nd7 12. Bxg7 Kxg7 13. h4 h5 14. 0-0-0 Nb6 15. a4 Be6 16. g4 Bxb3 17. cxb3 Rh8 18. Qd4+ f6 19. gxh5 Rxh5 20. Ne2 Kf7 21. Ng3 Rc5+ 22. Kb1 Nd7 23. f4 Qb6 24. f5 gxf5 25. Nxf5 Qxb3 26. Rd3 Qc2+ 0-1

[Event "Uljanovsk Volga Region-ch"]
[Site "Uljanovsk"]
[Date "2008.12.07"]
[Round "4"]
[White "Olisov, Andrey"]
[Black "Rudnev, Yuri"]
[Result "1/2-1/2"]
[WhiteElo "2048"]
[BlackElo "2183"]
[PlyCount "156"]
[EventDate "2008.12.05"]
[EventType "tourn"]
[EventRounds "11"]
[EventCountry "RUS"]
[SourceTitle "EXT 2022"]
[Source "ChessBase"]
[SourceDate "2021.10.06"]
[SourceVersion "1"]
[SourceVersionDate "2021.10.06"]
[SourceQuality "1"]

1. Nf3 d5 2. g3 Nf6 3. Bg2 e6 4. 0-0 Be7 5. d3 0-0 6. Nbd2 c5 7. Re1 Nc6 8. e4 Qc7 9. Nf1 dxe4 10. dxe4 b5 11. Bf4 Qb6 12. Ne5 Bb7 13. c3 Rfd8 14. Qc2 Na5 15. Nd2 Rac8 16. b3 Ne8 17. Be3 f6 18. Nd3 Qd6 19. Nb2 Nc6 20. Rad1 Qb8 21. Bh3 Kf7 22. Nf3 Ne5 23. Nxe5+ Qxe5 24. Bg2 Qh5 25. Nd3 a6 26. Nf4 Qe5 27. f3 g6 28. Ne2 Qc7 29. c4 b4 30. Nc1 Ng7 31. Qf2 e5 32. Bh3 Ne6 33. Bxe6+ Kxe6 34. Qf1 Kf7 35. Kf2 Bc6 36. Rxd8 Qxd8 37. Rd1 Qc7 38. Nd3 Bd7 39. Ke2 Be6 40. Nf2 a5 41. Rd2 a4 42. Qb1 Ra8 43. Nd1 axb3 44. axb3 Ra3 45. Ra2 Qa5 46. Rxa3 Qxa3 47. Bc1 Qa8 48. Ne3 Qc8 49. Bb2 Kg7 50. Qa1 Qd7 51. Qd1 Bd6 52. Qa1 Bf7 53. Kf2 h5 54. Kg2 Qe6 55. Qb1 Be8 56. h3 Bd7 57. g4 hxg4 58. hxg4 Bf8 59. Kf2 Kf7 60. Qh1 Qa6 61. Qa1 Qxa1 62. Bxa1 Bh6 63. Bb2 Ke6 64. Nf1 Bc6 65. Ke2 Bf4 66. Kd3 f5 67. gxf5+ gxf5 68. Ba1 Be8 69. Ne3 fxe4+ 70. fxe4 Bh5 71. Bb2 Bf3 72. Bc1 Kf7 73. Bd2 Kg6 74. Bc1 Kh5 75. Bd2 Kh4 76. Be1+ Kh3 77. Bf2 Bg3 78. Bg1 Bh2 1/2-1/2

[Event "Uljanovsk Volga Region-ch"]
[Site "Uljanovsk"]
[Date "2008.12.06"]
[Round "2"]
[White "Gusakov, Vitaly Semenovich"]
[Black "Rudnev, Yuri"]
[Result "1-0"]
[WhiteElo "2259"]
[BlackElo "2183"]
[PlyCount "81"]
[EventDate "2008.12.05"]
[EventType "tourn"]
[EventRounds "11"]
[EventCountry "RUS"]
[SourceTitle "EXT 2022"]
[Source "ChessBase"]
[SourceDate "2021.10.06"]
[SourceVersion "1"]
[SourceVersionDate "2021.10.06"]
[SourceQuality "1"]

1. d4 d5 2. c4 c6 3. e3 Nf6 4. Nf3 e6 5. Nc3 Nbd7 6. Bd3 dxc4 7. Bxc4 b5 8. Bd3 Bb7 9. 0-0 a6 10. a4 b4 11. Nb1 c5 12. Nbd2 Be7 13. Qe2 0-0 14. e4 cxd4 15. e5 Nd5 16. Qe4 g6 17. Nb3 Qb6 18. a5 Qa7 19. Qg4 Rad8 20. h4 Kg7 21. h5 Nc7 22. Re1 Bxf3 23. Qxf3 Nc5 24. Nxc5 Qxc5 25. Qh3 g5 26. h6+ Kh8 27. Bd2 Nb5 28. Qh5 Rd5 29. Rac1 Nc3 30. f4 f6 31. Be4 gxf4 32. Bxd5 Qxd5 33. Bxf4 Rg8 34. Qh3 d3 35. bxc3 Bc5+ 36. Kh1 d2 37. Bxd2 Qxd2 38. Red1 Qf4 39. cxb4 Bd4 40. exf6 Qxf6 41. Rf1 1-0

[Event "Uljanovsk Volga Region-ch"]
[Site "Uljanovsk"]
[Date "2008.12.06"]
[Round "3"]
[White "Rudnev, Yuri"]
[Black "Trushnikov, Viacheslav"]
[Result "1-0"]
[WhiteElo "2183"]
[BlackElo "1981"]
[PlyCount "76"]
[EventDate "2008.12.05"]
[EventType "tourn"]
[EventRounds "11"]
[EventCountry "RUS"]
[SourceTitle "EXT 2022"]
[Source "ChessBase"]
[SourceDate "2021.10.06"]
[SourceVersion "1"]
[SourceVersionDate "2021.10.06"]
[SourceQuality "1"]

1. e4 c5 2. Nf3 Nc6 3. d4 cxd4 4. Nxd4 g6 5. Nc3 Bg7 6. Be3 Nf6 7. Bc4 Qa5 8. 0-0 0-0 9. Nb3 Qc7 10. f4 d6 11. Be2 Be6 12. f5 Bxb3 13. axb3 a6 14. g4 h6 15. g5 hxg5 16. Bxg5 Nh7 17. Be3 Be5 18. Nd5 Qd8 19. Bb6 Qd7 20. Bg4 gxf5 21. Bxf5 e6 22. Bxh7+ Kxh7 23. Qh5+ Kg8 24. Qg4+ Kh8 25. Rf3 f5 26. Rh3+ Qh7 27. Rxh7+ Kxh7 28. Qh5+ Kg8 29. Nc7 Rac8 30. Nxe6 Rf7 31. Qg6+ Bg7 32. Bd4 Nxd4 33. Nxd4 Rf6 34. Qg5 fxe4 35. Rf1 Rc5 36. Rf5 Kh7 37. Rxc5 Rg6 38. Qxg6+ Kxg6 1-0

[Event "Dimitrovgrad op"]
[Site "Dimitrovgrad"]
[Date "2008.08.09"]
[Round "7"]
[White "Rudnev, Yuri"]
[Black "Predke, Alexandr"]
[Result "0-1"]
[WhiteElo "2186"]
[BlackElo "2231"]
[PlyCount "112"]
[EventDate "2008.08.05"]
[EventType "swiss"]
[EventRounds "9"]
[EventCountry "RUS"]
[SourceTitle "EXT 2022"]
[Source "ChessBase"]
[SourceDate "2021.10.06"]
[SourceVersion "1"]
[SourceVersionDate "2021.10.06"]
[SourceQuality "1"]

1. e4 Nf6 2. e5 Nd5 3. d4 d6 4. Nf3 g6 5. Bc4 Nb6 6. Bb3 Bg7 7. 0-0 a5 8. a4 0-0 9. h3 h6 10. Qe2 dxe5 11. dxe5 Na6 12. Be3 Kh7 13. Rd1 Qe8 14. Nc3 e6 15. Qd2 Nd7 16. Ne4 b6 17. Qc3 Qe7 18. Bd4 c5 19. Be3 Bb7 20. Ned2 Nb4 21. Bf4 Nd5 22. Bxd5 exd5 23. Re1 Qe6 24. Bg3 Rfe8 25. Rad1 Qc6 26. Qb3 Re6 27. Re2 Rae8 28. Rde1 Bh8 29. h4 f6 30. h5 fxe5 31. hxg6+ Kg8 32. Nh4 Rf8 33. f4 c4 34. Qf3 Bg7 35. f5 Ree8 36. Bf2 e4 37. Qh3 c3 38. bxc3 Qxc3 39. f6 Qxf6 40. Qxd7 Bc6 41. Qg4 Qg5 42. Qh3 Bxa4 43. c4 Rxf2 44. Kxf2 Bd4+ 45. Kf1 Rf8+ 46. Nhf3 exf3 47. Nxf3 Bd7 48. Re6 Qd2 49. R1e2 Qd1+ 50. Re1 Qc2 51. R1e2 Qc1+ 52. Re1 Qxc4+ 53. R1e2 Qc1+ 54. Re1 Qd2 55. R1e2 Qd1+ 56. Re1 Bb5+ 0-1

[Event "Uljanovsk Petrosian Memorial op"]
[Site "Uljanovsk"]
[Date "2008.06.23"]
[Round "8"]
[White "Olisov, Andrey"]
[Black "Rudnev, Yuri"]
[Result "0-1"]
[WhiteElo "2001"]
[BlackElo "2175"]
[PlyCount "88"]
[EventDate "2008.06.14"]
[EventType "swiss"]
[EventRounds "9"]
[EventCountry "RUS"]
[SourceTitle "EXT 2022"]
[Source "ChessBase"]
[SourceDate "2021.10.06"]
[SourceVersion "1"]
[SourceVersionDate "2021.10.06"]
[SourceQuality "1"]

1. e4 c5 2. c4 d6 3. Nc3 Nf6 4. d3 e6 5. g3 a6 6. Bg2 Qc7 7. Nge2 Nbd7 8. 0-0 Be7 9. f4 0-0 10. h3 Rb8 11. g4 Ne8 12. Be3 b5 13. b3 b4 14. Na4 Bb7 15. Rc1 Bc6 16. Nb2 Qb7 17. Qc2 f5 18. gxf5 exf5 19. Ng3 g6 20. exf5 Bxg2 21. Qxg2 Qxg2+ 22. Kxg2 gxf5 23. Kf3 Ng7 24. Rc2 Bf6 25. Rg2 Kh8 26. Nd1 Bd4 27. Bf2 Bxf2 28. Kxf2 Ne6 29. Ne2 Rbe8 30. Ne3 Nf6 31. Rfg1 Nh5 32. Kf3 a5 33. Nd5 Nf6 34. Ne3 Nh5 35. Nd5 Rf7 36. Rd1 Ra7 37. d4 a4 38. dxc5 dxc5 39. Ne3 h6 40. Rd5 axb3 41. axb3 Ra3 42. Rd3 Ra2 43. Nd5 Ra1 44. Nf6 Rea8 0-1

[Event "Uljanovsk Petrosian Memorial op"]
[Site "Uljanovsk"]
[Date "2008.06.14"]
[Round "1"]
[White "Mirzaev, Aziz"]
[Black "Rudnev, Yuri"]
[Result "0-1"]
[WhiteElo "1826"]
[BlackElo "2175"]
[PlyCount "78"]
[EventDate "2008.06.14"]
[EventType "swiss"]
[EventRounds "9"]
[EventCountry "RUS"]
[SourceTitle "EXT 2022"]
[Source "ChessBase"]
[SourceDate "2021.10.06"]
[SourceVersion "1"]
[SourceVersionDate "2021.10.06"]
[SourceQuality "1"]

1. d4 d5 2. e3 Nf6 3. Bd3 e6 4. Nd2 Nbd7 5. f4 c5 6. c3 Bd6 7. Ndf3 0-0 8. Nh3 Re8 9. Nf2 Nf8 10. 0-0 N6d7 11. e4 dxe4 12. Nxe4 Be7 13. Be3 Qc7 14. Qe2 b6 15. Ne5 f6 16. Nxd7 Bxd7 17. dxc5 bxc5 18. Bc4 Bc6 19. Nxc5 Bxc5 20. Bxc5 Bxg2 21. Kxg2 Qxc5 22. f5 Kh8 23. fxe6 Qc6+ 24. Kg1 Nxe6 25. Bxe6 Rxe6 26. Qg2 Qc5+ 27. Qf2 Qc7 28. Rfe1 Rb6 29. Rad1 Rab8 30. Rd2 Rb5 31. Re3 Qb6 32. b3 g6 33. Rf3 Rg5+ 34. Rg3 Rxg3+ 35. hxg3 Kg7 36. Rd7+ Kh6 37. Qxb6 axb6 38. Rd6 Kg5 39. Kf2 h5 0-1

[Event "Dimitrovgrad Petrosian Memorial op"]
[Site "Dimitrovgrad"]
[Date "2008.06.07"]
[Round "5"]
[White "Rudnev, Yuri"]
[Black "Alachihin, Vladimir"]
[Result "0-1"]
[WhiteElo "2175"]
[BlackElo "2104"]
[PlyCount "122"]
[EventDate "2008.06.01"]
[EventType "swiss"]
[EventRounds "9"]
[EventCountry "RUS"]
[SourceTitle "CBM 124 Extra"]
[Source "ChessBase"]
[SourceDate "2008.07.03"]
[SourceVersion "1"]
[SourceVersionDate "2008.07.03"]
[SourceQuality "1"]

1. e4 e5 2. Nf3 Nf6 3. Nxe5 d6 4. Nf3 Nxe4 5. d4 d5 6. Bd3 Be7 7. 0-0 0-0 8. c4 Nc6 9. Nc3 Nxc3 10. bxc3 dxc4 11. Bxc4 Bg4 12. Rb1 Rb8 13. h3 Bh5 14. Re1 Qd6 15. Rb5 Bxf3 16. Qxf3 Rbe8 17. Rd5 Qf6 18. Rf5 Qg6 19. g4 Nd8 20. Rfe5 Qd6 21. Qe2 Ne6 22. Rf5 Qd7 23. Qf3 Nd8 24. Bf4 Bd6 25. Rxe8 Rxe8 26. Bxd6 Re1+ 27. Kg2 cxd6 28. h4 Qe7 29. g5 Re4 30. Bd5 Re1 31. Rf4 Ne6 32. Re4 Rxe4 33. Qxe4 b6 34. f4 g6 35. Kg3 Qd7 36. f5 gxf5 37. Qxf5 Qe7 38. Kf3 Nd8 39. Be4 Qc7 40. Qxh7+ Kf8 41. Qh8+ Ke7 42. Qf6+ Ke8 43. d5 Qc4 44. Qd4 Qf1+ 45. Kg4 Nb7 46. Qe3 Kf8 47. h5 Nc5 48. Qf4 Qg1+ 49. Kf5 Ke7 50. g6 f6 51. h6 Nd7 52. Bf3 Ne5 53. Bg4 Qb1+ 54. Qe4 Qc1 55. Qf4 Qc2+ 56. Qe4 Qd2 57. Qf4 Qxd5 58. Qe4 Qe6+ 59. Kf4 Qxg4+ 60. Ke3 Qg5+ 61. Kd4 Qd2+ 0-1

[Event "Uljanovsk op"]
[Site "Uljanovsk"]
[Date "2008.02.06"]
[Round "9"]
[White "Rudnev, Yuri"]
[Black "Yakimkin, Igor"]
[Result "1-0"]
[WhiteElo "2187"]
[BlackElo "2093"]
[PlyCount "160"]
[EventDate "2008.02.01"]
[EventType "swiss"]
[EventRounds "9"]
[EventCountry "RUS"]
[SourceTitle "EXT 2009"]
[Source "ChessBase"]
[SourceDate "2008.11.26"]
[SourceVersion "1"]
[SourceVersionDate "2008.11.26"]
[SourceQuality "1"]

1. e4 c5 2. Nf3 e6 3. d4 cxd4 4. Nxd4 Bc5 5. Nc3 Qb6 6. Na4 Qa5+ 7. c3 Bxd4 8. Qxd4 Nf6 9. Nc5 Nc6 10. Qd6 b6 11. Nb3 Nxe4 12. Qxc6 dxc6 13. Nxa5 bxa5 14. Be3 0-0 15. 0-0-0 Nf6 16. c4 e5 17. Rd6 Bb7 18. f3 e4 19. f4 Ng4 20. Bc5 e3 21. Rd7 Bc8 22. Rxa7 Rxa7 23. Bxa7 Nf2 24. Rg1 Re8 25. Be2 Bf5 26. Re1 Nd3+ 27. Bxd3 Bxd3 28. b3 f5 29. Bxe3 a4 30. Kb2 axb3 31. axb3 Kf7 32. g3 g6 33. Kc3 Be4 34. Bc5 Rd8 35. Bd4 Ra8 36. Re2 h5 37. Rd2 Rd8 38. b4 Ra8 39. Bc5 Ra3+ 40. Kd4 Ke6 41. b5 Rb3 42. bxc6 Bxc6 43. Bf8 Rb8 44. Kc5 Be4 45. Bg7 Rc8+ 46. Kb4 Rb8+ 47. Kc3 Rb7 48. Be5 Rd7 49. Ra2 Rd3+ 50. Kb4 Bb7 51. Ra7 Rd7 52. Kc5 g5 53. Kb6 Bc8 54. Ra8 gxf4 55. Bxf4 Bb7 56. Rh8 Bf3 57. Rh6+ Kf7 58. c5 Rb7+ 59. Ka6 Rb2 60. h4 Rc2 61. Kb6 Ke7 62. c6 Rb2+ 63. Kc7 Rc2 64. Bd6+ Kf7 65. Be5 Ke7 66. Kb6 Rc1 67. c7 Kd7 68. Rh7+ Ke6 69. Bf4 Rc6+ 70. Kb5 Rc2 71. Rh8 Bc6+ 72. Kb6 Bd7 73. Rh6+ Ke7 74. Rxh5 Rc6+ 75. Kb7 Rc2 76. Rh7+ Ke6 77. Rh6+ Ke7 78. h5 Rb2+ 79. Rb6 Rc2 80. h6 Rh2 1-0